LIBRARY & INFORMATION CENTRE, KCAET, TAVANUR

ONLINE PUBLIC ACCESS CATALOGUE (OPAC)

DEVELOPMENT AND EVALUATION OF AUTOMATED NUTRIENT MONITORING AND CONTROL SYSTEM FOR VERTICAL HYDROPONICS (Record no. 17727)

MARC details
000 -LEADER
fixed length control field 00439nam a22001457a 4500
003 - CONTROL NUMBER IDENTIFIER
control field OSt
082 ## - DEWEY DECIMAL CLASSIFICATION NUMBER
Classification number 631.37
Item number NAN/DE
088 ## - REPORT NUMBER
Report number 588
100 ## - MAIN ENTRY--AUTHOR NAME
Personal name NANDHINI. J
245 ## - TITLE STATEMENT
Title DEVELOPMENT AND EVALUATION OF AUTOMATED NUTRIENT MONITORING AND CONTROL SYSTEM FOR VERTICAL HYDROPONICS
260 ## - PUBLICATION, DISTRIBUTION, ETC. (IMPRINT)
Place of publication TAVANUR
Name of publisher DEPARTMENT OF SOIL AND WATER CONSERVATION ENGINEERING
Year of publication 2023
300 ## - PHYSICAL DESCRIPTION
Number of Pages 132+45
700 ## - ADDED ENTRY--PERSONAL NAME
Personal name JINU.A (GUIDE)
942 ## - ADDED ENTRY ELEMENTS (KOHA)
Koha item type Theses
Holdings
Collection code Home library Current library Full call number Accession Number Koha item type Public note
Reference KAUAET KAUAET 631.37 NAN/DE T 588 Theses M.Tech Thesis
free website counter